000 00487nam a2200193Ia 4500
001 62481
008 141119s9999 xx 000 0 und d
020 _a9789646608689
040 _cPK-LaUMT
082 _a 297.4
_bINT-
100 _aNaderlew, Beytollah
245 _aIntelligible life
_cNaderlew, Beytollah|Seema Arif
260 _aTehran,Iran:
_bThe Allameh Jafari Institute,
_c2013
300 _a185 p.
546 _aEN
650 _aSufi
700 _aSeema Arif
942 _cBK
999 _c62909
_d62909